|
|
|
|
| LEADER |
00000nas a22000007a 4500 |
| 001 |
ssj0012008 |
| 003 |
WaSeSS |
| 005 |
20200512172242.0 |
| 006 |
m d |
| 007 |
cr n |
| 008 |
050614c19349999txuqr pss o 0 a0eng |
| 010 |
|
|
|a 2012203503
|
| 022 |
|
|
|a 2169-5326
|y 0011-8044
|
| 035 |
|
|
|a (WaSeSS)ssj0012008
|
| 037 |
|
|
|b Delta Kappa Gamma Society International, PO Box 1589, Austin, TX 78767
|
| 040 |
|
|
|a OCLCS
|b eng
|c OCLCS
|d CO3
|d OCLCE
|d OCLCQ
|d DLC
|d OCLCO
|d OCLCQ
|d OCLCF
|d OCLCO
|d VT2
|d OCLCQ
|d WaSeSS
|
| 042 |
|
|
|a pcc
|a nsdp
|
| 050 |
1 |
4 |
|a LJ145.D5
|b A3
|
| 082 |
1 |
0 |
|a 378
|2 15
|
| 130 |
0 |
|
|a Delta Kappa Gamma bulletin (Online)
|
| 222 |
|
4 |
|a The Delta Kappa Gamma bulletin
|b (Online)
|
| 245 |
1 |
4 |
|a The Delta Kappa Gamma bulletin
|h [electronic resource].
|
| 260 |
|
|
|a Austin, Tex. :
|b Delta Kappa Gamma Society
|
| 310 |
|
|
|a Quarterly
|
| 362 |
1 |
|
|a Print began in 1934.
|
| 506 |
|
|
|a License restrictions may limit access.
|
| 550 |
|
|
|a Issued by: Delta Kappa Gamma Society, <1972>-winter 1976; Delta Kappa Gamma Society International, spring 1976-
|
| 588 |
|
|
|a Description based: Vol. 13, no. 1 (fall 1947); title from PDF title page (Delta Kappa Gamma's website, viewed on Sept. 1, 2012).
|
| 588 |
|
|
|a Latest issue consulted: Vol. 78-4 (summer 2012) (Delta Kappa Gamma's website, viewed on Sept. 1, 2012).
|
| 650 |
|
0 |
|a Education
|v Periodicals.
|
| 650 |
|
7 |
|a Education.
|2 fast
|0 (OCoLC)fst00902499
|
| 655 |
|
0 |
|a Electronic journals.
|
| 710 |
2 |
|
|a Delta Kappa Gamma Society.
|
| 710 |
2 |
|
|a Delta Kappa Gamma Society International.
|
| 776 |
1 |
|
|t Delta Kappa Gamma bulletin
|x 0011-8044
|w (DLC) 56043740
|w (OCoLC)1566125
|
| 856 |
4 |
0 |
|z Full text available from Research Library: 10/01/2008 to present
|u https://search.proquest.com/publication/47978
|